[Event "CAN-ch U18"]
[Site "Kapuskasing"]
[Date "2004.07.06"]
[Round "2"]
[White "McDonald, Jamal"]
[Black "Morrison, Alex"]
[Result "0-1"]
[WhiteElo "1100"]
[BlackElo "1366"]
[PlyCount "86"]
[EventDate "2004.07.06"]
[EventType "tourn"]
[EventRounds "7"]
[EventCountry "CAN"]
[SourceTitle "EXT 2006"]
[Source "ChessBase"]
[SourceDate "2005.11.24"]
[SourceVersion "1"]
[SourceVersionDate "2005.11.24"]
[SourceQuality "1"]

1. Nf3 e6 2. Nc3 Bc5 3. d4 Bb4 4. e4 Nf6 5. a3 Bxc3+ 6. bxc3 Nxe4 7. Bb2 d5 8. Ne5 f6 9. Bb5+ c6 10. Qh5+ g6 11. Nxg6 hxg6 12. Qxh8+ Ke7 13. Qg7+ Ke8 14. Qxg6+ Kd7 15. Bd3 f5 16. g3 b6 17. h4 Qf6 18. Qh7+ Qe7 19. Qg6 Ba6 20. Bc1 Bxd3 21. cxd3 Nxc3 22. Bg5 Qe8 23. Qg7+ Kc8 24. Bf4 Nd7 25. 0-0 Ne2+ 26. Kg2 Nxf4+ 27. gxf4 Qh5 28. Rh1 Kc7 29. Rae1 Kd6 30. Kh3 Qf3+ 31. Kh2 Qxf4+ 32. Kg1 Rf8 33. Qg6 Rf6 34. Qg8 Qh6 35. h5 Qd2 36. Kg2 Qh6 37. Kf1 f4 38. Qa8 f3 39. Rh2 Rg6 40. Rh4 Rg2 41. Rh3 Qf4 42. h6 Qf5 43. h7 Qxd3+ 0-1